| 000 | 01007nam a2200253 a 4500 | ||
|---|---|---|---|
| 001 | BRCA_5383 | ||
| 005 | 20190320205044.0 | ||
| 008 | 741007s1909 nyua######---#000-0#eng-# | ||
| 041 | _aeng | ||
| 044 | _anyu | ||
| 050 | 4 |
_aND813 _b.C38 1909 |
|
| 245 | 1 | 0 |
_aCatalogue of paintings by Joaquín Sorolla y Bastida _bexhibited by the Hispanic society of America, February 8 to March 8, 1909 _cwith introduction by Leonard Williams. |
| 260 |
_aNueva York _bThe Hispanic Society of America _c1909 |
||
| 300 |
_a154 p. _bil., 63 láminas _c20 cm. |
||
| 500 | _aEstado físico: Tapas desprendidas, lomo deteriorado | ||
| 500 | _aCatálogo de pinturas de Joaquín Sorolla y Bastida exhibidas por The Hispanic Society of America (Nueva York), 8 febrero - 8 marzo, 1909 | ||
| 500 | _aM17 | ||
| 600 | 1 | 4 |
_aSorolla, Joaquín _d1863-1923 _911937 |
| 650 | 1 | 4 |
_aPintores españoles _97620 |
| 650 | 1 | 4 |
_aGalerías y museos _zEstados Unidos _97437 |
| 700 | 1 |
_aWilliams, Leonard _913189 |
|
| 902 | _aGFM | ||
| 942 |
_2lcc _cB |
||
| 999 |
_c5077 _d5077 |
||